00204nam a2200085 a 450000500170000000800410001705000170005824500310007550000120010620140414132016.0110309s19uu xx 00 eng d aTRbC61 2005 aClifford songs and chants. aWith CD